[Event "SVK-ch U14"]
[Site "Tatralandia"]
[Date "2024.04.08"]
[Round "5"]
[White "Dalak, Teodor"]
[Black "Dubjel, Teodor"]
[Result "1/2-1/2"]
[WhiteElo "1050"]
[BlackElo "1437"]
[PlyCount "31"]
[EventDate "2024.04.05"]
[EventType "swiss"]
[EventRounds "9"]
[EventCountry "SVK"]
[SourceTitle "CBM 219 Extra"]
[Source "ChessBase"]
[SourceDate "2024.05.31"]
[SourceVersion "1"]
[SourceVersionDate "2024.05.31"]
[SourceQuality "1"]

1. d4 d5 2. Bf4 c5 3. e3 cxd4 4. exd4 Nc6 5. c3 Nf6 6. Nd2 e6 7. Bd3 Be7 8. Ngf3 0-0 9. 0-0 Bd7 10. Qc2 Rc8 11. a3 Be8 12. Rae1 Bd6 13. Bxd6 Qxd6 14. c4 Ne7 15. c5 Qc7 16. Ng5 1/2-1/2

[Event "SVK-ch U14"]
[Site "Tatralandia"]
[Date "2024.04.07"]
[Round "4"]
[White "Dalak, Teodor"]
[Black "Foldesi, Marek1"]
[Result "0-1"]
[WhiteElo "1050"]
[BlackElo "1528"]
[PlyCount "92"]
[EventDate "2024.04.05"]
[EventType "swiss"]
[EventRounds "9"]
[EventCountry "SVK"]
[SourceTitle "CBM 219 Extra"]
[Source "ChessBase"]
[SourceDate "2024.05.31"]
[SourceVersion "1"]
[SourceVersionDate "2024.05.31"]
[SourceQuality "1"]

1. d4 Nf6 2. Bf4 g6 3. e3 Bg7 4. c3 d5 5. Bd3 0-0 6. Nf3 Bg4 7. Nbd2 Nc6 8. 0-0 Re8 9. h3 Bd7 10. c4 e6 11. Re1 Kh8 12. cxd5 exd5 13. e4 dxe4 14. Bxe4 Nxe4 15. Nxe4 Bf5 16. Neg5 Rxe1+ 17. Qxe1 Kg8 18. Rd1 Nxd4 19. Be5 Nxf3+ 20. Nxf3 Qe7 21. Bxg7 Qxe1+ 22. Rxe1 Kxg7 23. Nd4 Bd7 24. Re7 Rd8 25. f4 Bxh3 26. gxh3 Rxd4 27. Rxc7 Rxf4 28. Rxb7 Ra4 29. a3 Kf6 30. Kf2 h5 31. Ke3 Ke6 32. Kd3 f5 33. Kc3 f4 34. Kb3 Ra6 35. Rb4 Rb6 36. Rxb6+ axb6 37. Kc3 Kf5 38. Kd3 g5 39. b4 g4 40. h4 g3 41. Ke2 Kg4 42. a4 Kh3 43. Kf1 g2+ 44. Kg1 Kg3 45. a5 f3 46. axb6 f2# 0-1

[Event "SVK-ch U14"]
[Site "Tatralandia"]
[Date "2024.04.07"]
[Round "3"]
[White "Matusek, Levente"]
[Black "Dalak, Teodor"]
[Result "0-1"]
[WhiteElo "1000"]
[BlackElo "1050"]
[PlyCount "70"]
[EventDate "2024.04.05"]
[EventType "swiss"]
[EventRounds "9"]
[EventCountry "SVK"]
[SourceTitle "CBM 219 Extra"]
[Source "ChessBase"]
[SourceDate "2024.05.31"]
[SourceVersion "1"]
[SourceVersionDate "2024.05.31"]
[SourceQuality "1"]

1. e4 c5 2. Nf3 Nc6 3. d4 cxd4 4. Nxd4 g6 5. Nc3 Bg7 6. Be3 e5 7. Ndb5 Bf8 8. Bc4 Nf6 9. 0-0 a6 10. Na3 b5 11. Bd5 Bb7 12. Ne2 Bg7 13. Bg5 0-0 14. c3 h6 15. Bh4 Qc7 16. c4 b4 17. Nc2 a5 18. Bxf6 Bxf6 19. Ng3 Rad8 20. Qg4 Bg7 21. Ne3 h5 22. Qg5 Bc8 23. Nef5 d6 24. Nxg7 Kxg7 25. Nxh5+ Kg8 26. Nf6+ Kg7 27. Rae1 Ne7 28. Re3 a4 29. Rh3 Bxh3 30. gxh3 Nxd5 31. Kh1 Nxf6 32. Rg1 Qxc4 33. h4 Qxe4+ 34. Rg2 Rh8 35. Kg1 Qe1# 0-1

[Event "SVK-ch U12"]
[Site "Dudince"]
[Date "2023.04.20"]
[Round "6"]
[White "Dalak, Teodor"]
[Black "Mantic, Jakub"]
[Result "1-0"]
[WhiteElo "1000"]
[BlackElo "1000"]
[PlyCount "69"]
[EventDate "2023.04.16"]
[EventType "swiss"]
[EventRounds "9"]
[EventCountry "SVK"]
[SourceTitle "CBM 213 Extra"]
[Source "ChessBase"]
[SourceDate "2023.05.31"]
[SourceVersion "1"]
[SourceVersionDate "2023.05.31"]
[SourceQuality "1"]

1. d4 d5 2. Bf4 Nc6 3. e3 Nf6 4. c3 e6 5. Bd3 Bd6 6. Bg5 0-0 7. Bc2 g6 8. Nf3 Be7 9. Qd3 b6 10. Qe2 Ne4 11. Bh6 Re8 12. Nfd2 Nxd2 13. Nxd2 Bg5 14. Bxg5 Qxg5 15. Nf3 Qxg2 16. Rg1 Qh3 17. Ba4 Bd7 18. Ne5 Qxh2 19. 0-0-0 Nxe5 20. Rh1 Qg2 21. Rdg1 Qf3 22. Qf1 Bxa4 23. b3 Bc6 24. Rg3 Qe4 25. Qh3 Nd3+ 26. Kd2 Nxf2 27. Qxh7+ Kf8 28. Qh6+ Ke7 29. Qg5+ f6 30. Rh7+ Kd6 31. Qxf6 Qd3+ 32. Ke1 Ne4 33. Qf4+ e5 34. Rxg6+ Re6 35. Qxe5# 1-0